Legend of Zelda: Ocarina of time - Weapons and Items - Statistics

General Stats
  • This quiz has been taken 1,481 times
    1,386 since last reset
  • The average score is 29 of 45
Answer Stats
Hint Answer % Correct
Pay 40 rupees for this wooden protection Deku Shield
91%
Weapon found in Dodongo's Cavern Bombs/Bomb Bag
90%
Weapon found in the Deku tree Fairy Slingshot
90%
Weapon found in the Forest Temple Fairy Bow
87%
Zelda throws this at you, for the sake of Hyrule Ocarina of Time
87%
Common element of the forest, slash a Boko Baba for one Deku Stick
86%
Temporarily stuns foes with a flash of light Deku Nut
85%
Win this in a race with Dampe Hookshot
84%
Garb that protects link from overheating Goron Tunic
82%
The default garb Kokiri Tunic
82%
The bane of evil Master Sword
82%
Weapon found in Jabu-Jabu's Belly Boomerang
81%
Garb that allows link to breathe under water Zora Tunic
81%
Shoot the sun for these Fire Arrows
80%
A full sized shield Hylian Shield
79%
The boots link gets out of bed in Kokiri Boots
79%
I navigated this stupid Ice Cavern for these?? Iron Boots
78%
Found in a hole in Kokiri forest Kokiri Sword
78%
Load your new found weapon with these deadly darts Arrows
74%
Fill me with milk or bugs Bottle
71%
Gives the bow the power of light Light Arrows
69%
Weapon found in the Fire Temple Megaton Hammer
69%
Gives the bow freezing power Ice Arrows
67%
Navigate the Bottom of the Well for this Lens of Truth
65%
Saria's gift to you as you travel to Hyrule Field Fairy Ocarina
64%
Weapon found in the Water Temple Longshot
64%
A bomb that travels on the ground Bombchu
61%
Allows young link to pick bomb plants Goron Bracelet
61%
Load your new found wrist rocket with these bad boys Deku Seeds
60%
Collect these so you can charge your spin attack, among other things Magic Jars
59%
Garb found in the Spirit Temple Mirror Shield
55%
Garb found in the Shadow Temple Hover Boots
54%
Engulfs link in flame Din's Fire
51%
Very sturdy, large blade Biggoron Sword
50%
Plant me to go for a ride (in the future) Magic Beans
50%
Glove upgrade to lift heavy objects Silver Gauntlets
47%
Collect one of these to increase your life Heart Container
45%
Items that serve as a precursor to the next Zelda game, trade in the market Masks
45%
Collect four of these to increase your life Heart Piece
44%
Gloves for lifting the heaviest of objects Golden Gauntlets
42%
Allows link to warp Farore's Wind
39%
Protects link with a shield, breifly Nayru's Love
39%
Prove yourself a good diver for this upgrade Silver Scale
36%
Prove yourself a good fisher for this upgrade Golden Scale
33%
Large blade with shotty workmanship Giant's Knife
28%
No matching quizzes found
Score Distribution
Percent of People with Each Score
Percentile by Number Answered
Your Score History
You have not taken this quiz since the last reset